La Liga Winning Managers - Sudden Death - Statistics

General Stats
  • This quiz has been taken 186 times
    57 since last reset
  • The average score is 8 of 17
Answers on the Grid
Answers color-coded by a green-red scale on the quiz's grid according to % correct below.
Bernd Schuster
Carlo Ancelotti
Claudio Ranieri
Diego Simeone
Ernesto Valverde
Fabio Capello
Frank Rijkaard
Gerardo Martino
Hansi Flick
Johan Cruyff
Jorge Sampaoli
José Mourinho
Juande Ramos
Julen Lopetegui
Jupp Heynckes
Louis van Gaal
Luis Enrique
Manuel Pellegrini
Mauricio Pochettino
Michael Laudrup
Míchel
Pep Guardiola
Quique Sánchez Flores
Quique Setién
Rafael Benítez
Ronald Koeman
Santiago Solari
Tito Vilanova
Unai Emery
Vicente del Bosque
Xavi
Zinedine Zidane
 
Answer Stats
Answer % Correct
Carlo Ancelotti
93%
Diego Simeone
84%
José Mourinho
70%
Luis Enrique
65%
Hansi Flick
60%
Johan Cruyff
53%
Frank Rijkaard
51%
Pep Guardiola
51%
Ernesto Valverde
47%
Zinedine Zidane
47%
Louis van Gaal
35%
Xavi
35%
Vicente del Bosque
33%
Fabio Capello
30%
Rafael Benítez
30%
Tito Vilanova
19%
Bernd Schuster
7%
No matching quizzes found
Score Distribution
Percent of People with Each Score
Percentile by Number Answered
Your Score History
You have not taken this quiz since the last reset